American Geography General Knowledge - Statistics

General Stats
  • This quiz has been taken 218 times
    137 since last reset
  • The average score is 5 of 15
Answer Stats
Question Answer % Correct
Which of the Following Was An Original American Colony: California, Georgia, Illinois, Vermont? Georgia
79%
Augusta is the 2nd Most Populated City In What State? Georgia
79%
What is the Capital of Nevada? Carson City
61%
What is the Largest Borough in NYC by Size? Queens
60%
Which of These is the Largest by Population: Miami, St Paul, Allentown, Mesa? Mesa, Arizona
57%
How Many People Did Wichita Falls, Texas Lose Between 2010 and 2012? 1
45%
What is the Most Visited City in America? Las Vegas
34%
What is the Easternmost Point In America? Alaska
28%
What is the Largest City By Size? Sitka, Alaska
9%
When Was the First Census Taken? 1790
7%
What is the Largest Airport In America? Hartsfield-Jackson, Atlanta
5%
What State is Northwest Angle in? Minnesota
4%
What County is Staten Island in? Richmond
4%
Plymouth, MA is the ___ Biggest City in America By Are. 100
0%
Why is This? It Crosses the 180 Line
0%
No matching quizzes found
Score Distribution
Percent of People with Each Score
Percentile by Number Answered
Your Score History
You have not taken this quiz since the last reset